• 首页
  • 本馆介绍
  • 公告通知
  • 最新文献
  • 馆藏检索
  • 电子资源
  • 读者导购
  • 参考咨询
  • 我的图书馆
  • 登录
  • 详细信息显示
  • 放入我的书架
  • 预约/预借图书
  • 作者相关作品
  • 分类相关作品
  • 丛书相关作品
  • 出版社相关作品

书目信息

  • 表格格式
  • 工作单格式
  • 卡片格式
题名:
手绘攻略室内设计与园林景观手绘表现
    
 
作者: 叶茂乐 , 周艺川 , 林波 编著
分册:  
出版信息: 北京   中国建筑工业出版社  2013.10
页数: 157页
开本: 23cm
丛书名:
单 册:
中图分类: TU204.11 , TU986.2
科图分类:
主题词: 室内装饰设计--绘画技法 , 景观--园林设计--绘画技法 , 室内装饰设计 , 绘画技法 , 景观 , 园林设计
电子资源:
ISBN: 978-7-112-15820-1
000 01051nam0 2200337 450
001 0120131173749
005 20140610090241.28
010    @a978-7-112-15820-1@dCNY48.00
100    @a20131120d2013 em y0chiy0110 ea
101 0  @achi
102    @aCN@b110000
105    @aa z 000yy
106    @ar
200 1  @a手绘攻略室内设计与园林景观手绘表现@9shou hui gong lue shi nei she ji yu yuan lin jing guan shou hui biao xian@f叶茂乐,周艺川,林波编著
210    @a北京@c中国建筑工业出版社@d2013.10
215    @a157页@d23cm
330    @a本书主要内容包括:室内空间设计表现;园林景观设计表现;作品赏析。
333    @a相关设计人员
606 0  @a室内装饰设计@x绘画技法
606 0  @a景观@x园林设计@x绘画技法
606 0  @a室内装饰设计
606 0  @a绘画技法
606 0  @a景观
606 0  @a园林设计
690    @aTU204.11@v5
690    @aTU986.2@v5
701  0 @a叶茂乐@9ye mao le@4编著
701  0 @a周艺川@9zhou yi chuan@4编著
701  0 @a林波@9lin bo@4编著
801  0 @aCN@b人天书店@c20131120
905    @b846821-23@dTU204.11@e656@f3
    
    手绘攻略室内设计与园林景观手绘表现/叶茂乐,周艺川,林波编著.-北京:中国建筑工业出版社,2013.10
    157页;23cm
    使用对象:相关设计人员
    
    ISBN 978-7-112-15820-1:CNY48.00
    本书主要内容包括:室内空间设计表现;园林景观设计表现;作品赏析。
●
相关链接 在E读中查询图书 在五车中查询图书 在当当中查询图书 在豆瓣中查询图书


正题名:手绘攻略室内设计与园林景观手绘表现     索取号:TU204.11/656         预约/预借

序号 登录号 条形码 馆藏地/架位号 状态 备注
1 846821   208468219   第二样本阅览室/ [索取号:TU204.11/656] 在馆    
2 846822   208468228   密集书库-生命科学系/ [索取号:TU204.11/656] 在馆    
3 846823   208468237   第三借阅区/ [索取号:TU204.11/656] 在馆    
唐山师范学院图书馆 欢迎您!
大连网信软件有限公司© 版权所有